EUROCRIS - architekt informačných systémov o vede
Informovanie vedeckej a výskumnej komunity ako aj ďalších skupín používateľov o aktivitách súvisiacich s vedou, výskumom a ich výsledkoch. V rámci národného projektu NISPEZ pripravuje CVTI SR, ako prevádzkovateľ, nový informačný systém o vede SK CRIS rešpektujúci európske štandardy a metodiku vytvor...
Guardado en:
| Autor principal: | |
|---|---|
| Formato: | Capítulo de libro |
| Lenguaje: | eslovaco |
| Materias: | |
| Etiquetas: |
Sin Etiquetas, Sea el primero en etiquetar este registro!
|
MARC
| LEADER | 00000naa a2200000 4500 | ||
|---|---|---|---|
| 001 | 0148578 | ||
| 005 | 20231114073652.9 | ||
| 041 | 0 | |a slo | |
| 044 | |a SK | ||
| 245 | 1 | 0 | |a EUROCRIS - architekt informačných systémov o vede |c Danica Zendulková |
| 520 | |a Informovanie vedeckej a výskumnej komunity ako aj ďalších skupín používateľov o aktivitách súvisiacich s vedou, výskumom a ich výsledkoch. V rámci národného projektu NISPEZ pripravuje CVTI SR, ako prevádzkovateľ, nový informačný systém o vede SK CRIS rešpektujúci európske štandardy a metodiku vytvorenú pre systémy pracujúce s vedeckými informáciami. | ||
| 610 | 2 | 0 | |a veda |
| 610 | 2 | 0 | |a výskum |
| 610 | 2 | 0 | |a vzdelávanie |
| 610 | 2 | 0 | |a projekty |
| 610 | 2 | 0 | |a systémy informačné |
| 610 | 2 | 0 | |a informácie vedecké |
| 610 | 2 | 0 | |a strediská informačné |
| 610 | 2 | 0 | |a proces informačný |
| 610 | 2 | 0 | |a technológie informačné |
| 610 | 2 | 0 | |a technológie komunikačné |
| 100 | 1 | |a Zendulková, Danica | |